Manolo Hugué : una exposició documental / [Diputació de Barcelona ; comissari: Artur Ramon i Navarro] una exposició documental / [Diputació de Barcelona ; comissari:
Descripción Física:
34 p. : il. col. ; 15 cm
Otros Autores:
Ramon i Navarro, Artur
MARC
| LEADER | 00000nam a2200000Ia 4500 | ||
|---|---|---|---|
| 001 | 18454 | ||
| 008 | 160829s2005 xx 000 0 cat d | ||
| 080 | |a FU-51-1 | ||
| 100 | 1 | |a Hugué, Manolo, |d 1872-1945 |9 20127 | |
| 245 | |a Manolo Hugué : |b una exposició documental / [Diputació de Barcelona ; comissari: |b Artur Ramon i Navarro] | ||
| 260 | |a Barcelona : |b Diputació de Barcelona, |c 2005 | ||
| 300 | |a 34 p. : |b il. col. ; |c 15 cm | ||
| 590 | |a Catàleg de l'exposició celebrada del 16 de desembre de 2005 al 28 de febrer de 2006 | ||
| 600 | 1 | 0 | |a Hugué, Manolo, |d 1872-1945 |v Exposicions |9 56519 |
| 700 | |a Ramon i Navarro, Artur |9 40051 | ||
| 710 | 1 | |a Barcelona (Catalunya : Província). |b Diputació |9 52408 | |
| 901 | |a Arxiu | ||
| 942 | |n 1 | ||
| 952 | |0 0 |1 0 |4 0 |6 FU511 |7 1 |9 49388 |a Arxiu |b Arxiu |d 2016-12-01 |l 0 |o FU-51-1 |p 18454 |r 2016-12-01 00:00:00 |w 2016-12-01 |y ARXIU | ||
| 999 | |c 53230 |d 53230 | ||